Learning mathematics : issues, theory, and classroom practice /

Bibliographic Details
Main Author: Orton, Anthony
Format: Book
Language:English
Published: London ; New York, NY, USA : Cassell, 1992.
Edition:2nd ed.
Series:Cassell education.
Subjects:

MARC

Tag First Indicator Second Indicator Subfields
LEADER 00000cam a22000008a 4500
001 in00001131925
005 20150930083232.0
008 911018s1992 enk b 001 0 eng
010 |a  91039854  
020 |a 0304325538 :  |c $56.00 
020 |a 0304325554 (pbk.) :  |c $21.00 
035 |a (OCoLC)24791855 
035 |9 AFX4446AM 
040 |a DLC  |c DLC  |d DUQ  |d TXA  |d UtOrBLW 
049 |a TXAM 
050 0 0 |a QA11  |b .O77 1992 
082 0 0 |a 510/.71  |2 20 
100 1 |a Orton, Anthony. 
245 1 0 |a Learning mathematics :  |b issues, theory, and classroom practice /  |c Anthony Orton. 
250 |a 2nd ed. 
263 |a 9207 
264 1 |a London ;  |a New York, NY, USA :  |b Cassell,  |c 1992. 
300 |a vi, 198 pages :  |b illustrations ;  |c 24 cm. 
336 |a text  |b txt  |2 rdacontent 
337 |a unmediated  |b n  |2 rdamedia 
338 |a volume  |b nc  |2 rdacarrier 
490 1 |a Cassell education series 
504 |a Includes bibliographical references and indexes. 
650 0 |a Mathematics  |x Study and teaching. 
830 0 |a Cassell education. 
999 |a MARS 
999 f f |s d1b3caef-449a-32e0-8de9-225b2d0bbb77  |i aa61a18b-a7b5-33d3-ad77-41d44b32badc  |t 0 
952 f f |p normal  |a Texas A&M University  |b College Station  |c Sterling C. Evans Library  |d Evans: Library Stacks  |t 0  |e QA11 .O77 1992  |h Library of Congress classification  |i unmediated -- volume  |m A14817435742 
998 f f |a QA11 .O77 1992  |t 0  |l Evans: Library Stacks